Catalog

Record Details

Catalog Search



The book of Isaiah, translated from a critically revised Hebrew text with commentary : Vol. II, (XL-LXVI)  Cover Image Book Book

The book of Isaiah, translated from a critically revised Hebrew text with commentary : Vol. II, (XL-LXVI) / by Rev. Edward J. Kissane.

Record details

  • Physical Description: lxxiv, 328 s.; illus. (map), 22 cm.
  • Publisher: Dublin : Browne And Nolan Limited, 1941-43.

Content descriptions

Bibliography, etc. Note:
Bibliography: v. 1, p. lx-lxiii; v. 2, p. lxix-lxxiii.
Subject: Bible. Isaiah > Commentaries.

Available copies

  • 1 of 1 copy available at Common Catalog SPOK.

Holds

  • 0 current holds with 1 total copy.
Show Only Available Copies
Location Call Number / Copy Notes Barcode Shelving Location Status Due Date
ETS Library 224.1 424470016631 Volný výběr Available -

LDR 01140cam a22003251a 4500
00135383
003CZ-PrJAB
00520180801103757.0
008790720m19411943ie ab e 000 0 eng
010 . ‡a 42015931
035 . ‡a(CONS)13921
035 . ‡9(DLC) 42015931
035 . ‡a(OCoLC)5191345
040 . ‡aDLC ‡cOCl ‡dDLC
0410 . ‡aengheb
042 . ‡apremarc
05000. ‡aBS1513 ‡b.K57
082 . ‡a224.1
1001 . ‡aKissane, Edward J., ‡d1886-
24504. ‡aThe book of Isaiah, ‡btranslated from a critically revised Hebrew text with commentary : Vol. II, (XL-LXVI) / ‡cby Rev. Edward J. Kissane.
260 . ‡aDublin : ‡bBrowne And Nolan Limited, ‡c1941-43.
300 . ‡alxxiv, 328 s.; ‡billus. (map), ‡c22 cm.
504 . ‡aBibliography: v. 1, p. lx-lxiii; v. 2, p. lxix-lxxiii.
63000. ‡aBible. ‡pIsaiah ‡xCommentaries.
7300 . ‡aBible. ‡pIsaiah. ‡lEnglish. ‡sKissane. ‡f1941.
8524 . ‡bETS ‡bETS ‡cVolný výběr ‡j224.1 ‡p424470016631 ‡y$50.00
906 . ‡a7 ‡bcbc ‡coclcrpl ‡du ‡encip ‡f19 ‡gy-gencatlg
910 . ‡aABG450
985 . ‡eOCLC REPLACEMENT cdsdistr
991 . ‡bc-GenColl ‡hBS1513 ‡i.K57 ‡tCopy 1 ‡wOCLCREP
999 . ‡a13921 ‡c13921 ‡tbiblio
905 . ‡uadmin
901 . ‡a35383 ‡b ‡c35383 ‡tbiblio ‡sets

Additional Resources